000 00253nam a2200097Ia 4500
008 240331s9999 xx 000 0 und d
082 _a300.95
_bWIC
100 _aWickramasinghe, N
245 0 _aCivil society in Sri Lanka :
_bnew circles of power
942 _cL
999 _c1007
_d1007